000
00317nam a22001337a 4500
008
181029b xxu||||| |||| 00| 0 eng d
020
_a
9781319019136
041
_a
eng
080
_a
370
100
_a
48
101
_a
EDU
245
_a
Teaching With How Write Anything With Reading
_c
John R
942
_2
udc
_c
BK
999
_c
50968
_d
50968